The Ultimate MARVEL Characters Quiz! EVER!?! - Statistics

General Stats
  • This quiz has been taken 64 times
  • The average score is 109 of 188
Answer Stats
Hint Character % Correct
Steve Rogers Captain America
100%
Sam Wilson Falcon
100%
Tony Stark Iron Man
100%
Bucky Barnes Winter Soldier
100%
Miles Morales Spider-Man
96%
Peter Quill Star-Lord
96%
Logan Wolverine
96%
Scott Lang Ant-Man
94%
Carol Danvers Captain Marvel
94%
GF of Above Gamora
94%
Bruce Banner Hulk
94%
Sister of T'Challa Shuri
94%
T'Challa Black Panther
91%
GF of Odinson Jane Foster
91%
Odinson Thor
91%
Hope Van Dyne Wasp
91%
Clint Barton Hawk-Eye
89%
Director of S.H.I.E.L.D. Nick Fury
89%
Wanda Maximoff Scarlet Witch
89%
Scott Summers Cyclops
87%
Matt Murdock Daredevil
87%
Stephen Strange Dr. Strange
87%
"I Am -----" Groot
87%
Gwen Stacy Spider-Gwen
87%
The Mad Titan Thanos
87%
Jarvis+Mind Stone= Vision
87%
Rhodey War Machine
87%
Norman Osborn Green Goblin
85%
Laufeyson Loki
85%
Erik Lehnsher Magneto
85%
Sister of Gamora Nebula
85%
Charles Xavier Professor X
85%
Peter Maximoff Quicksilver
85%
Ben Grimm Thing
85%
Eddie Brock Venom
85%
Natasha Romanoff Black Widow
83%
Wade W. Wilson Deadpool
83%
Otto Octavius Dr. Octopus
83%
Johnny Storm Human Torch
83%
Reed Richards Mr. Fantastic
83%
Made by Tony and Bruce Ultron
83%
Uncle Ben Ben Parker
81%
Victor Von Doom Dr. Doom
81%
Evil Sister of Odinson Hela
81%
Sue Storm Invisible Woman
81%
Kamala Khan Ms. Marvel
81%
Hank McCoy Beast
79%
Quentin Beck Mysterio
79%
Trash Panda Rocket
79%
Helmutt Zemo Baron Zemo
77%
The Destroyer Drax
77%
Cain Marko Juggernaut
77%
Curt Connors Lizard
77%
GF of Spider-Man Mary Jane Watson
77%
The Allfather Odin
77%
Flint Marko Sandman
77%
Guardian of Asgard Heimdall
74%
Bobby Drake Iceman
74%
2nd in Command of Above Maria Hill
74%
Aunt May May Parker
74%
Ororo Munroe Storm
74%
Johnny Blaze Ghostrider
72%
Michael Morbius Morbius
72%
Raven Darkholme Mystique
72%
Frank Castle Punisher
72%
Adrian Toomes Vulture
72%
Kurt Wagner Nightcrawler
70%
Agent Killed by Loki Phil Coulson
70%
Emil Blonksky Abomination
68%
Max Dillon Electro
68%
GF of Above Elektra
68%
Wilson Fisk Kingpin
68%
Anna Marie Rogue
68%
Jennifer Walters She-Hulk
68%
Lady Warrior Sif
68%
Sidekick to Stephen Wong
68%
Karl Mordo Baron Mordo
66%
The Living Planet Ego
66%
Danny Rand Iron Fist
66%
Marvel Girl Jean Grey
66%
Johan Schmiddt Red Skull
66%
Norrin Radd Silver Surfer
66%
Whistling Arrow Yondu
66%
Warren Worthington III Angel
64%
Villain in Doctor Strange Dormammu
64%
Remy LeBeau Gambit
64%
Obadiah Stane Iron Monger
64%
Ulysses Klaue Klaw
64%
Ivan Vanko Whiplash
64%
Played by Tilda Swinton Ancient One
62%
Blackagar Boltagon Black Bolt
62%
Cleatus Cassidy Carnage
62%
Wife of Above Frigga
62%
Jewel Jessica Jones
62%
Sam Alexander Nova
62%
Powerman Luke Cage
60%
General Ross Red Hulk
60%
Played by Lee Pace Ronan the Accuser
60%
Jessica Drew Spider Woman
60%
Brock Rumlow Crossbones
57%
Jubilation Lee Jubilee
57%
Erik Stevens Killmonger
57%
Sidekick to Johan Arnim Zola
55%
Piotr Rasputin Colossus
55%
Pepper Potts Rescue
55%
The Cameo King Stan Lee
55%
Tanleer Tiven Collector
53%
Gamemaster Grandmaster
53%
Daily Bugle Editor in Cheif J. Jonah Jameson
53%
Wife of Above Medusa
53%
Agent 13 Sharon Carter
53%
Lucas Bishop Bishop
51%
Eric Brooks Blade
51%
Played by Seth Green Howard The Duck
51%
Inhuman Dog Lockjaw
51%
Proxima Midnight
51%
Brunnhilde Valkyrie
51%
En Saban Nur Apocalypse
49%
The Black Order Ebony Maw
49%
White Queen Emma Frost
49%
Felisha Hardy Black Cat
47%
Nathan Summers Cable
47%
Brian Braddock Captain Britain
47%
Corvus Glaive
47%
Galen Galactus
47%
Original Director of S.H.I.E.L.D. Peggy Carter
47%
Victor Creed Sabretooth
47%
Volstagg
47%
Cull Obsidian
45%
Alex Summers Havok
45%
The Warriors Three Fandral
43%
Hogun
43%
Shadowcat Kitty Pryde
43%
Betsy Braddock Psylocke
43%
Villain in Captain Marvel (2019) Yon-Rogg
43%
Wolfgang Von Strucker Baron Strucker
40%
Big Hero Six Baymax
38%
Played by Kevin Bacon Sebastian Shaw
38%
Laura Kinney X-23
38%
Sean Cassidy Banshee
36%
Skurge Executioner
36%
Illyana Rasputin Magik
36%
Daisy Johnson Quake
36%
Betty Ross Red She-Hulk
36%
Father of Above Azazel
34%
Tyrone Johnson Cloak
34%
Sister of Above Crystal
34%
Tanmdy Bowen Dagger
34%
Amora Enchantress
34%
Samuel Stern Leader
34%
The Accursed Malekith
34%
Leader of the Novas Novaprime
34%
John Allerdyce Pyro
34%
Fred Dukes Blob
32%
Helped Tony in the Cave Ho Yinsen
32%
Bobbi Morse Mocking Bird
32%
Anton Vanko Crimson Dynamo
30%
GF of Radd Mantis
30%
Roberto da Costa Sunspot
30%
Mortimer Toynabee Toad
30%
Ava Ayala White Tiger
30%
Simon Williams Wonder Man
30%
Lester Bullseye
28%
Sam Guthrie Cannonball
28%
Hiro Hamada
28%
Lorna Dane Polaris
28%
Non Mutant X-Men Villain William Stryker
28%
Grandson of Reed Kang The Conqueror
26%
Yuriko Oyama Lady Deathstrike
26%
Rick Jones A-Bomb
23%
Carl Creel Absorbing Man
23%
Tom Cassidy Black Tom
23%
Nathaniel Essex Mr. Sinister
23%
Angelica Jones Firestar
21%
Harold Happy Hogan
21%
Sidekick to Above Kurse
21%
Viper Madame Hydra
21%
Rhane Wolfsbane
21%
Fred Fredrickson III
19%
Go-Go Tomago
17%
Janos Questad Riptide
17%
Wasabi
17%
Angel Salvadore Tempest
15%
Honey Lemon
13%
Harada Silver Samurai
13%
Chris Bradley Bolt
9%
Karla Sofen Moonstone
9%
Maverick Agent Zero
6%
No matching quizzes found
Score Distribution
Percent of People with Each Score
Percentile by Number Answered
Your Score History
You have not taken this quiz